[Event "Druzynowe Mistrzostwa Polski Juniorow - I Liga 2023"]
[Site "Lublin"]
[Date "1899-12-30"]
[Round "1.51"]
[White "Adamczyk, Kacper"]
[Black "Zalewski, Witold"]
[Result "1/2-1/2"]
[WhiteTitle "II"]
[BlackTitle "II"]
[WhiteElo "1277"]
[BlackElo "1333"]

1. e4 c5 2. Nf3 Nc6 3. d4 cxd4 4. Nxd4 g6 5. Nc3 Bg7 6. Be3 Nf6 7. Bc4 O-O 8. f3
d6 9. Qd2 Bd7 10. O-O-O Rc8 11. Bb3 a6 12. Nxc6 Bxc6 13. Bh6 b5 14. Bxg7 Kxg7
15. g4 b4 16. Nd5 Bxd5 17. Bxd5 Nxd5 18. Qxd5 Qc7 19. Rd2 Qc4 20. h4 Rc5 21. Qxc4
Rxc4 22. h5 Kf6 23. Rd5 Rfc8 24. Rh2 R8c5 25. hxg6 hxg6 26. g5+ Ke6 27. Rhd2 Rxd5
28. Rxd5 Rc5 29. Rxc5 dxc5 30. Kd2 Kd6 31. f4 c4 32. c3 Kc5 33. Ke3 bxc3 34. bxc3
e6 35. Kf3 Kd6 36. e5+ Kc6 37. Ke4 Kc5 38. a3 Kb5 39. Kd4 a5 40. a4+ Kxa4 41.
Kxc4 Ka3 42. Kb5 Kb3 43. c4 a4 44. c5 a3 45. c6 a2 46. c7 a1=Q 47. c8=Q Qa4+ 48.
Kb6 Qxf4 49. Qd7 Kc3 50. Qc7+ Kd3 51. Qd6+ Ke4 52. Qc7 Qxg5 53. Qxf7 Kxe5 54.
Qc7+ Kf5 55. Qc5+ Kf4 56. Qc4+ Kf3 57. Qf1+ Ke4 58. Qc4+ Kf5 59. Qc5+ e5 60. Qc2+
e4 61. Qc5+ Kf4 62. Qf2+ Kg4 63. Qe2+ Kf5 64. Qb5+ Kf4 65. Qf1+ Kg4 66. Qe2+ Kh3
67. Qxe4 Qf6+ 68. Kc7 Qf7+ 69. Kd6 Qf8+ 70. Kc7 Qc5+ 71. Kd8 Qg5+ 72. Kc7 Qg3+
73. Kb6 Qf2+ 74. Kc7 g5 75. Qh7+ Qh4 76. Qf5+ Qg4 77. Qf1+ Qg2 78. Qf5+ g4 79.
Qh5+ Kg3 80. Qe5+ Kf2 81. Qb2+ Kg1 82. Qd4+ Kh1 83. Qd1+ Kh2 84. Kd6 g3 85. Ke5
Qb2+ 86. Kf4 Qf2+ 87. Kg4 Qg2 88. Kg5 Qh3 89. Qd6 Qf1 90. Kg4 Qe2+ 91. Kf4 g2
92. Kg5+ Kg1 93. Qd4+ Qf2 94. Qd1+ Qf1 95. Qd4+ Qf2 96. Qd1+ Kh2 97. Qh5+ Kg3
98. Qg4+ Kh2 99. Qh5+ Kg1 1/2-1/2

[Event "Druzynowe Mistrzostwa Polski Juniorow - I Liga 2023"]
[Site "Lublin"]
[Date "1899-12-30"]
[Round "1.52"]
[White "Wons, Krystian"]
[Black "Modzelan, Wojciech"]
[Result "1-0"]
[WhiteTitle "I"]
[BlackTitle "II"]
[WhiteElo "1331"]
[BlackElo "1091"]

1. d4 d5 2. c4 e6 3. Nc3 Nf6 4. Nf3 Be7 5. Bg5 O-O 6. e3 Nbd7 7. Qc2 c6 8. cxd5
exd5 9. Bd3 h6 10. Bf4 Re8 11. Rb1 Bf8 12. O-O Nb6 13. b4 Be6 14. b5 Rc8 15. bxc6
bxc6 16. Ba6 Nc4 17. Rb3 Bd6 18. Bxc8 Bxf4 19. Bxe6 Bxh2+ 20. Nxh2 1-0

[Event "Druzynowe Mistrzostwa Polski Juniorow - I Liga 2023"]
[Site "Lublin"]
[Date "1899-12-30"]
[Round "1.53"]
[White "Ziobrowska, Maja"]
[Black "Skolska, Emilia"]
[Result "1/2-1/2"]
[WhiteTitle "I++"]
[BlackTitle "I++"]
[WhiteElo "1759"]
[BlackElo "1689"]

1. e4 e5 2. Nf3 Nc6 3. Nc3 Nf6 4. Bb5 Bb4 5. O-O O-O 6. d3 d6 7. Bg5 Bxc3 8. bxc3
h6 9. Bh4 Bg4 10. h3 Bh5 11. g4 Bg6 12. Bc4 Na5 13. Bb3 Nxb3 14. cxb3 Re8 15.
Re1 Re6 16. Bg3 Nd7 17. Nh4 c6 18. Nf5 d5 19. Qf3 dxe4 20. dxe4 Qc7 21. Rad1 a5
22. Qe3 b5 23. h4 f6 24. h5 Bh7 25. c4 b4 26. Re2 Bxf5 27. exf5 Rd6 28. Rxd6 Qxd6
29. Rd2 Qc7 30. f3 a4 31. c5 Qa7 32. Bf2 Kh8 33. bxa4 Nf8 34. f4 exf4 35. Qxf4
Qxa4 36. Rb2 Qd1+ 37. Kh2 Qd5 38. Rd2 Qf7 39. Qxb4 Rxa2 40. Rxa2 Qxa2 41. Kg3
Qd5 42. Qb8 Qd3+ 1/2-1/2

[Event "Druzynowe Mistrzostwa Polski Juniorow - I Liga 2023"]
[Site "Lublin"]
[Date "1899-12-30"]
[Round "1.54"]
[White "Tokarz, Gabriela"]
[Black "Mataczyna, Aleksandra"]
[Result "1-0"]
[WhiteTitle "I++"]
[BlackTitle "I"]
[WhiteElo "1549"]
[BlackElo "1166"]

1. d4 d5 2. c4 e6 3. Nc3 Nf6 4. cxd5 exd5 5. Bg5 c6 6. e3 Be7 7. Bd3 O-O 8. Qc2
h6 9. Bh4 Re8 10. Nf3 Nbd7 11. O-O Ne4 12. Bxe7 Qxe7 13. Rab1 Nd6 14. Ne2 Nb6
15. Ne5 Bd7 16. b4 Rac8 17. a4 Be6 18. Nf4 Nbc4 19. Nxe6 Qxe6 20. Bxc4 Nxc4 21.
Nxc4 dxc4 22. b5 c5 23. Rfd1 cxd4 24. Rxd4 Red8 25. Rbd1 Rxd4 26. Rxd4 a6 27.
Kf1 axb5 28. axb5 Qe5 29. b6 Qxh2 30. Qf5 Rf8 31. Rxc4 Qh1+ 32. Ke2 Qxg2 33. Rc7
g6 34. Qd7 h5 35. Rxb7 h4 36. Rc7 h3 37. b7 h2 38. Rc8 h1=Q 39. Rxf8+ Kxf8 40.
b8=Q+ Kg7 41. Qd4+ f6 42. Qc7+ Kh6 43. Qdf4+ Qg5 44. Qxg5+ fxg5 45. Qf7 Qe4 46.
Qf8+ Kh7 47. Qf7+ Kh6 48. Qg8 Qc2+ 49. Kf3 Qf5+ 50. Kg3 g4 51. Qh8+ Kg5 52. Qh4#
1-0

[Event "Druzynowe Mistrzostwa Polski Juniorow - I Liga 2023"]
[Site "Lublin"]
[Date "1899-12-30"]
[Round "1.55"]
[White "Kubik, Rafal"]
[Black "Anyz, Monika"]
[Result "1-0"]
[WhiteTitle "I++"]
[BlackTitle "I++"]
[WhiteElo "2055"]
[BlackElo "1652"]

1. d4 c5 2. d5 Nf6 3. Nc3 d6 4. e4 g6 5. Nf3 Nbd7 6. a4 Bg7 7. Bc4 O-O 8. O-O Ng4
9. h3 Nge5 10. Nxe5 Bxe5 11. a5 Nf6 12. Qd3 e6 13. Bg5 Qd7 14. Rad1 exd5 15. Bxd5
Nxd5 16. Nxd5 f6 17. Be3 f5 18. f4 Bg7 19. e5 Kh8 20. exd6 Qxd6 21. Qc4 Be6 22.
Qxc5 Qxc5 23. Bxc5 Rf7 24. c3 Bxd5 25. Rxd5 b6 26. axb6 axb6 27. Bd4 Bxd4+ 28.
Rxd4 Ra2 29. Rb4 Rf6 30. Re1 Rd6 31. Re8+ Kg7 32. Rb8 Ra1+ 33. Kh2 Rf1 34. R4xb6
Rd2 35. R6b7+ Kh6 36. Rh8 Rxf4 37. Kg3 Rff2 38. Rhxh7+ Kg5 39. h4+ Kf6 40. Rb6+
Ke5 41. Re7+ Kd5 42. Rd7+ Kc5 43. Rxd2 Rxd2 44. Rxg6 1-0

[Event "Druzynowe Mistrzostwa Polski Juniorow - I Liga 2023"]
[Site "Lublin"]
[Date "1899-12-30"]
[Round "1.57"]
[White "Niesporek, Franciszek"]
[Black "Morozov, Artem"]
[Result "1-0"]
[WhiteTitle "I"]
[BlackTitle "II+"]
[WhiteElo "1644"]
[BlackElo "1370"]

1. e4 e6 2. d4 d5 3. e5 c5 4. c3 Qb6 5. Nf3 Bd7 6. Be2 Bb5 7. Bxb5+ Qxb5 8. Na3
Qb6 9. Nc2 Nc6 10. O-O cxd4 11. cxd4 Nge7 12. Bf4 Nf5 13. Qd2 h5 14. Rfd1 Be7
15. Ne3 Nxe3 16. Bxe3 O-O 17. Ng5 Rac8 18. Qe2 g6 19. h4 Nb4 20. Rd2 f6 21. exf6
Bxf6 22. a3 Nc6 23. Nxe6 Rfe8 24. Nf4 Ne7 25. Qf3 Rcd8 26. g3 Qc6 27. Rdd1 Kg7
28. Rac1 Qd6 29. Rc7 Rd7 30. Rxd7 Qxd7 31. Rc1 Kf7 32. Bd2 Qf5 33. Rc7 Bxd4 34.
Qxd5+ Qxd5 35. Nxd5 Bxb2 36. Bb4 Bf6 37. Rxb7 a6 38. Kg2 g5 39. Bxe7 Bxe7 40.
Rxe7+ Rxe7 41. Nxe7 Kxe7 42. hxg5 Ke6 43. f4 1-0

[Event "Druzynowe Mistrzostwa Polski Juniorow - I Liga 2023"]
[Site "Lublin"]
[Date "1899-12-30"]
[Round "1.58"]
[White "Koziel, Leon"]
[Black "Karwot, Marek"]
[Result "0-1"]
[WhiteTitle "III"]
[BlackTitle "II+"]
[WhiteElo "1008"]
[BlackElo "1594"]

1. e4 c5 2. Nc3 g6 3. Nf3 Bg7 4. Bc4 Nc6 5. d3 d6 6. h3 Nf6 7. Be3 e5 8. a3 O-O
9. O-O h6 10. Qd2 Kh7 11. Rab1 Nd4 12. Nh2 Be6 13. Bxe6 Nxe6 14. Nd5 Nxd5 15.
exd5 Nc7 16. c4 f5 17. Qc2 f4 18. Bd2 Kh8 19. b4 Na6 20. Qc1 g5 21. g3 Qe8 22.
Qd1 Qg6 23. Rb3 Rae8 24. Bc3 e4 25. Bxg7+ Kxg7 26. d4 b6 27. g4 Kg8 28. dxc5 dxc5
29. b5 Nb8 30. Re1 Nd7 31. Nf1 Qf6 32. Nd2 Qd4 33. Qc2 Nf6 34. Qc3 Rf7 35. Qxd4
cxd4 36. Nb1 Nd7 37. f3 Nc5 38. Nd2 e3 39. Rbb1 Rfe7 40. Nb3 d3 41. Nxc5 bxc5
42. Kf1 e2+ 43. Kf2 d2 44. a4 dxe1=Q+ 45. Kxe1 Re3 46. Rb2 Rxf3 47. Rxe2 Rxe2+
48. Kxe2 Rc3 0-1

[Event "Druzynowe Mistrzostwa Polski Juniorow - I Liga 2023"]
[Site "Lublin"]
[Date "1899-12-30"]
[Round "1.59"]
[White "Bugaj, Hanna"]
[Black "Giemza, Julia"]
[Result "1-0"]
[WhiteTitle "I++"]
[BlackTitle "I+"]
[WhiteElo "1657"]
[BlackElo "1577"]

1. d4 Nf6 2. Nf3 e6 3. g3 b5 4. Qd3 b4 5. a3 c5 6. axb4 cxb4 7. Bg2 Bb7 8. c4 bxc3
9. bxc3 Qb6 10. Nbd2 Be7 11. O-O O-O 12. Ba3 d6 13. Rfb1 Qc7 14. c4 Nbd7 15. Rb2
Rfc8 16. Ne1 Bxg2 17. Nxg2 Nb6 18. Ne3 g6 19. Bb4 Nfd7 20. f4 f5 21. Rba2 Bf6
22. Rc1 Nf8 23. Nf3 Qd7 24. Qa3 Rc6 25. Rac2 Rac8 26. Qd3 h6 27. h4 Qg7 28. Kg2
Rd8 29. Rd1 e5 30. Qb3 Kh8 31. dxe5 dxe5 32. Rxd8 Bxd8 33. Nxe5 Re6 34. Bxf8 Qxf8
35. c5 Rf6 36. cxb6 axb6 37. Nd7 Qf7 38. Qd3 Re6 39. Ne5 Qe7 40. Qxd8+ 1-0

[Event "Druzynowe Mistrzostwa Polski Juniorow - I Liga 2023"]
[Site "Lublin"]
[Date "1899-12-30"]
[Round "1.60"]
[White "Opala, Natalia"]
[Black "Rduch, Diana"]
[Result "0-1"]
[WhiteTitle "I"]
[BlackTitle "I"]
[WhiteElo "1202"]
[BlackElo "1129"]

1. e4 e6 2. d4 d5 3. e5 c5 4. c3 Qb6 5. Nf3 Nc6 6. a3 Nge7 7. b4 cxd4 8. cxd4 Nf5
9. Bb2 f6 10. exf6 gxf6 11. g4 Nd6 12. Nc3 Ne4 13. Na4 Qd8 14. Nc5 Bg7 15. Bd3
Nxc5 16. dxc5 e5 17. Bf5 Bxf5 18. gxf5 Qd7 19. Qc2 a5 20. b5 Ne7 21. a4 Qxf5 22.
Qxf5 Nxf5 23. O-O-O d4 24. Rhe1 Kf7 25. Kb1 Rac8 26. Rc1 Rhd8 27. Rc4 Bh6 28.
Bc1 Bf8 29. Bd2 Bxc5 30. Bxa5 Rd5 31. Rec1 Nd6 32. R4c2 Ke7 33. Bb6 Ne4 34. a5
Nc3+ 35. Kb2 Bxb6 36. axb6 Rxb5+ 37. Ka1 Ra8+ 38. Ra2 Rxa2# 0-1

[Event "Druzynowe Mistrzostwa Polski Juniorow - I Liga 2023"]
[Site "Lublin"]
[Date "1899-12-30"]
[Round "2.1"]
[White "Malinowski, Szymon"]
[Black "Klim, Filip"]
[Result "0-1"]
[WhiteTitle "I++"]
[BlackTitle "k"]
[WhiteElo "1951"]
[BlackElo "1988"]

1. d4 d5 2. Bf4 Nf6 3. e3 c5 4. Nf3 Nc6 5. Bd3 Bg4 6. O-O cxd4 7. exd4 Nxd4 8.
Nbd2 e6 9. c3 Nc6 10. Qa4 Bxf3 11. Nxf3 Bd6 12. Ba6 Qa5 13. Qd1 Bxf4 14. Bxb7
Kd7 15. Bxa8 Rxa8 16. a4 Ke7 17. b4 Qc7 18. a5 Ne5 19. Nd4 Bxh2+ 20. Kh1 Neg4
21. g3 h5 22. Qe1 Ne4 23. Nf3 Ngxf2+ 24. Rxf2 Bxg3 25. Raa2 Qf4 26. Kg2 Bxf2 27.
Rxf2 Qg3+ 28. Kf1 Qxf2+ 0-1

[Event "Druzynowe Mistrzostwa Polski Juniorow - I Liga 2023"]
[Site "Lublin"]
[Date "1899-12-30"]
[Round "2.2"]
[White "Bartodziej, Bartosz"]
[Black "Trzebinski, Patryk"]
[Result "1-0"]
[WhiteTitle "I+"]
[BlackTitle "I++"]
[WhiteElo "1836"]
[BlackElo "1934"]

1. e4 c5 2. Nf3 d6 3. d4 cxd4 4. Nxd4 Nf6 5. Nc3 g6 6. Be3 Bg7 7. f3 O-O 8. Qd2
Nc6 9. O-O-O d5 10. Qe1 e5 11. Nxc6 bxc6 12. exd5 Nxd5 13. Bc4 Be6 14. Kb1 Qc7
15. Nxd5 cxd5 16. Bxd5 Bxd5 17. Rxd5 Qb7 18. Qd2 e4 19. b3 exf3 20. gxf3 Rfe8
21. Rd1 a5 22. a4 Rac8 23. Bh6 Bc3 24. Qd3 Qe7 25. Bc1 Qf6 26. f4 Rc7 27. Rd6
Qh4 28. Rd8 Rf8 29. Rxf8+ Kxf8 30. Qd6+ Qe7 31. Ba3 Bb4 32. Bxb4 axb4 33. Qxe7+
Kxe7 34. Rd4 Rb7 35. c3 bxc3 36. Kc2 h6 37. h4 Ke6 38. a5 1-0

[Event "Druzynowe Mistrzostwa Polski Juniorow - I Liga 2023"]
[Site "Lublin"]
[Date "1899-12-30"]
[Round "2.3"]
[White "Zalewski, Witold"]
[Black "Nawalaniec, Adam"]
[Result "0-1"]
[WhiteTitle "II"]
[BlackTitle "I++"]
[WhiteElo "1333"]
[BlackElo "1926"]

1. d4 Nf6 2. c4 e6 3. Nc3 Bb4 4. Nf3 c5 5. e3 O-O 6. Bd3 d5 7. cxd5 exd5 8. dxc5
Bg4 9. O-O Nbd7 10. h3 Bh5 11. Be2 Bxc3 12. bxc3 Nxc5 13. Ba3 b6 14. Nd4 Bxe2
15. Qxe2 Nfe4 16. Rac1 Qf6 17. c4 Rfd8 18. Bb2 Qg6 19. Rfd1 h6 20. Nb5 dxc4 21.
Rxc4 Rxd1+ 22. Qxd1 Nxf2 23. Qd5 Re8 24. Nc7 Rxe3 25. Qd2 Nxh3+ 26. Kh1 Qg3 27.
Rc1 Nd3 28. Rf1 Ndf2+ 29. Rxf2 Nxf2+ 30. Kg1 Nh3+ 31. Kf1 Qf4+ 0-1

[Event "Druzynowe Mistrzostwa Polski Juniorow - I Liga 2023"]
[Site "Lublin"]
[Date "1899-12-30"]
[Round "2.4"]
[White "Klim, Juliusz"]
[Black "Wons, Krystian"]
[Result "0-1"]
[WhiteTitle "I+"]
[BlackTitle "I"]
[WhiteElo "1708"]
[BlackElo "1331"]

1. e4 c5 2. Nf3 Nc6 3. d4 cxd4 4. Nxd4 Nf6 5. Nc3 e5 6. Ndb5 d6 7. Bg5 a6 8. Na3
b5 9. Nd5 Be7 10. Bxf6 Bxf6 11. c3 O-O 12. Nc2 Be6 13. a4 Bxd5 14. Qxd5 Ne7 15.
Qd1 Qb6 16. axb5 axb5 17. Nb4 Qb7 18. Bd3 Rxa1 19. Qxa1 d5 20. exd5 Nxd5 21. Be4
Nxb4 22. Bxb7 Nc2+ 23. Ke2 Nxa1 24. Rxa1 Rb8 25. Ra5 b4 26. c4 Be7 27. c5 Rxb7
28. Kd3 f6 29. Kc4 Kf7 30. c6 Rb8 31. Ra7 Ke6 32. b3 Kd6 33. Rd7+ Ke6 34. Ra7
Bf8 35. Rd7 Rb6 36. Rc7 Kd6 37. Rf7 Rb8 38. c7 Rc8 39. Kxb4 Ke6+ 40. Rxf8 Rxf8
41. Kc5 Kd7 0-1

[Event "Druzynowe Mistrzostwa Polski Juniorow - I Liga 2023"]
[Site "Lublin"]
[Date "1899-12-30"]
[Round "2.5"]
[White "Skolska, Emilia"]
[Black "Sprzeczka, Emilia"]
[Result "1-0"]
[WhiteTitle "I++"]
[BlackTitle "I++"]
[WhiteElo "1689"]
[BlackElo "1769"]

1. e4 c5 2. Nc3 g6 3. f4 Bg7 4. Nf3 Nc6 5. Bb5 Nd4 6. O-O Nxb5 7. Nxb5 d5 8. e5
d4 9. d3 a6 10. Na3 Nh6 11. c3 O-O 12. cxd4 cxd4 13. h3 Nf5 14. Nc2 f6 15. Re1
b5 16. e6 Qd6 17. Qe2 Bb7 18. Qf2 Rfd8 19. g4 Nh6 20. Nh4 Rac8 21. Ng2 Qc5 22.
Re2 Bd5 23. Nce1 Rd6 24. Rc2 Bc4 25. b3 Qd5 26. bxc4 bxc4 27. Rxc4 Rxc4 28. dxc4
Qxc4 29. f5 gxf5 30. gxf5 Qc5 31. Bxh6 Bxh6 32. Rb1 Rd8 33. Nd3 Qc4 34. Qg3+ Kh8
35. Rb8 Rxb8 36. Qxb8+ Kg7 37. Qb4 Qc7 38. Qxd4 Bd2 39. Qd7 1-0

[Event "Druzynowe Mistrzostwa Polski Juniorow - I Liga 2023"]
[Site "Lublin"]
[Date "1899-12-30"]
[Round "2.6"]
[White "Izafatava, Kira"]
[Black "Tokarz, Gabriela"]
[Result "1/2-1/2"]
[WhiteTitle "I"]
[BlackTitle "I++"]
[WhiteElo "1423"]
[BlackElo "1549"]

1. e4 c5 2. Nf3 e6 3. d4 cxd4 4. Nxd4 Nc6 5. Nc3 d6 6. Be3 Nf6 7. Be2 Be7 8. O-O
O-O 9. f4 Bd7 10. Qe1 Nxd4 11. Bxd4 Bc6 12. Bf3 b5 13. a3 Qc7 14. e5 Nd7 15. Bxc6
Qxc6 16. Qe4 d5 17. Qe2 a6 18. Rf3 Rac8 19. Rh3 Qc4 20. Qd3 g6 21. Rf3 Rfd8 22.
Qxc4 Rxc4 23. Rd3 Nc5 24. Rd2 Nb7 25. g3 Rdc8 26. Ra2 Na5 27. Bb6 Nc6 28. Ne2
Bc5+ 29. Bxc5 Rxc5 30. c3 a5 31. Ra1 b4 32. axb4 axb4 33. cxb4 Nxb4 34. Nd4 Rb8
35. b3 Rc3 36. Rad1 Na6 37. Rd3 Rxd3 38. Rxd3 Nc5 39. Rc3 Ne4 40. Rd3 Ra8 41.
Re3 Ra1+ 42. Kg2 Rd1 43. Nf3 Rb1 44. Nd4 Kg7 45. Re2 1/2-1/2

[Event "Druzynowe Mistrzostwa Polski Juniorow - I Liga 2023"]
[Site "Lublin"]
[Date "1899-12-30"]
[Round "2.7"]
[White "Kaliszuk, Kamil"]
[Black "Wieczorek, Mikolaj"]
[Result "0-1"]
[WhiteTitle "k"]
[BlackTitle "I++"]
[WhiteElo "2249"]
[BlackElo "1962"]

1. e4 c5 2. Nf3 Nc6 3. Bb5 g6 4. O-O Bg7 5. c3 Nf6 6. Re1 O-O 7. d4 d5 8. e5 Ne4
9. Be3 Qb6 10. Bxc6 bxc6 11. Qc1 cxd4 12. cxd4 Bf5 13. Nfd2 Nxd2 14. Nxd2 Rfb8
15. b3 Rc8 16. Qc3 f6 17. Rac1 Qa6 18. a4 c5 19. f4 fxe5 20. fxe5 Qd3 21. Qa5
cxd4 22. Qxd5+ e6 23. Rxc8+ Rxc8 24. Qxd4 Rd8 25. Qxa7 Bxe5 26. Nf3 Bc3 27. Rc1
e5 28. Bb6 e4 29. Ng5 Rd7 30. Qa8+ Kg7 31. Rf1 Qd6 32. Be3 Be5 33. Nxe4 Qd3 34.
Bc5 Rf7 35. Ng5 Qxf1+ 36. Kxf1 Bd3+ 37. Ke1 Bc3+ 0-1

[Event "Druzynowe Mistrzostwa Polski Juniorow - I Liga 2023"]
[Site "Lublin"]
[Date "1899-12-30"]
[Round "2.8"]
[White "Nagly, Wojciech"]
[Black "Wandor, Adam"]
[Result "0-1"]
[WhiteTitle "I"]
[BlackTitle "II+"]
[WhiteElo "1817"]
[BlackElo "1652"]

1. d4 Nf6 2. Nf3 e6 3. g3 b6 4. Bg2 Bb7 5. O-O c5 6. c4 Be7 7. Nc3 cxd4 8. Nxd4
Bxg2 9. Kxg2 O-O 10. e4 Qc7 11. Qe2 Nc6 12. Ndb5 Qb8 13. Bf4 e5 14. Bg5 a6 15.
Bxf6 Bxf6 16. Na3 Nd4 17. Qg4 Qb7 18. Nd5 Bd8 19. Rad1 b5 20. f4 f5 21. Qh5 g6
22. Qh6 fxe4 23. fxe5 Nf5 24. Qc1 Rc8 25. h4 b4 26. Nb1 Qb8 27. Kh3 Qxe5 28. Qf4
Qxf4 29. Rxf4 Rxc4 30. b3 Rc2 31. Nxb4 Re2 32. Rxd7 Re3 33. Nc6 Bxh4 34. Rxh4
Nxh4 35. Kxh4 Re1 36. Na3 e3 37. Nc2 Rh1+ 38. Kg4 e2 39. Re7 Rf5 40. Rxh7 Kxh7
41. N6d4 Rf2 42. Ne6 e1=Q 43. Ng5+ Kg7 44. Nxe1 Rxe1 45. a4 Rf5 46. b4 Re3 0-1

[Event "Druzynowe Mistrzostwa Polski Juniorow - I Liga 2023"]
[Site "Lublin"]
[Date "1899-12-30"]
[Round "2.9"]
[White "Witczak, Borys"]
[Black "Gibala, Adam"]
[Result "0-1"]
[WhiteTitle "I"]
[BlackTitle "I"]
[WhiteElo "1856"]
[BlackElo "1763"]

1. d4 Nf6 2. c4 e6 3. Nc3 Bb4 4. Qc2 O-O 5. e4 d5 6. e5 Ne4 7. Bd3 c5 8. Nf3 cxd4
9. Nxd4 Nd7 10. Bf4 Ndc5 11. O-O Nxd3 12. Qxd3 Bxc3 13. bxc3 Nc5 14. Qg3 Ne4 15.
Qe3 b6 16. f3 Nc5 17. Bg5 Qd7 18. Qf2 dxc4 19. Qh4 Bb7 20. Be7 Rfe8 21. Bd6 Bd5
22. Rfe1 Nb7 23. Ba3 Qa4 24. Be7 Qd7 25. Bf6 Kh8 26. Bg5 Nc5 27. Re3 Rec8 28.
f4 Be4 29. Rh3 Bg6 30. Re1 Ne4 31. Rxe4 Bxe4 32. g4 Bg6 33. Rf3 Be4 34. Rh3 Bg6
35. Qf2 Rc5 36. Qh4 Rd5 37. Qf2 Rc8 38. Rg3 Rxd4 39. cxd4 c3 40. f5 exf5 41. h3
fxg4 42. Rxg4 Qa4 43. Kh2 Qd1 44. Rg1 c2 45. Bd2 Be4 46. Bh6 c1=Q 47. Bxc1 Qc2
48. Bd2 Qxa2 49. Re1 Qd5 50. Qf4 Bg6 51. Re2 a5 52. h4 Qe6 53. Be3 a4 54. Rd2
Rc2 55. Rxc2 Bxc2 56. Qf3 h6 57. Bf4 Bb3 58. h5 Qd5 59. Qc3 Qe4 60. Kg3 Bd5 0-1

[Event "Druzynowe Mistrzostwa Polski Juniorow - I Liga 2023"]
[Site "Lublin"]
[Date "1899-12-30"]
[Round "2.10"]
[White "Dobrowolski, Kamil"]
[Black "Rajbharath, Harjith"]
[Result "1-0"]
[WhiteTitle "II"]
[BlackTitle "II"]
[WhiteElo "1539"]
[BlackElo "1449"]

1. e4 e6 2. d4 d5 3. Nd2 c5 4. exd5 Qxd5 5. dxc5 Bxc5 6. Ngf3 Nf6 7. Bc4 Qh5 8.
O-O O-O 9. Nb3 Bb6 10. Qe2 Nc6 11. Bd2 e5 12. Bc3 Bc7 13. h3 e4 14. Nfd4 Ne5 15.
Qxh5 Nxh5 16. Nd2 Nxc4 17. Nxc4 a6 18. a4 f5 19. Ba5 Bxa5 20. Nxa5 b6 21. Nc4
Rf6 22. a5 b5 23. Nb6 Rb8 24. Rfc1 Nf4 25. Kf1 Ne6 26. Nc6 Rb7 27. Nxc8 Rc7 28.
N6e7+ Kf7 29. Nd5 Rxc8 30. Nxf6 Kxf6 31. c4 bxc4 32. Ra4 Rb8 33. Raxc4 Rxb2 34.
Rc6 f4 35. Rxa6 Ke5 36. Ra1 Nc5 37. Rb6 Rc2 38. a6 Nd3 39. a7 Rxf2+ 40. Kg1 f3
41. gxf3 exf3 42. Ra5+ Kf4 43. Rb4+ Ke3 44. Re4+ Kxe4 45. a8=Q+ Kf4 46. Qb8+ Ke4
47. Qb7+ Kf4 48. Qc7+ Ke4 49. Qc4+ Ke3 50. Qxd3+ 1-0

[Event "Druzynowe Mistrzostwa Polski Juniorow - I Liga 2023"]
[Site "Lublin"]
[Date "1899-12-30"]
[Round "2.11"]
[White "Biliak, Viktoria"]
[Black "Kulczycka, Zofia"]
[Result "1-0"]
[WhiteTitle "II"]
[BlackTitle "I+"]
[WhiteElo "1612"]
[BlackElo "1470"]

1. d4 d5 2. Bf4 Nf6 3. e3 e6 4. Nf3 Bd6 5. Bg3 c5 6. c3 Nc6 7. Bd3 O-O 8. Nbd2
b6 9. Ne5 Qc7 10. f4 Ne7 11. Qf3 Nf5 12. Bf2 Be7 13. g4 Nd6 14. Ke2 Nfe4 15. Qh3
b5 16. Rac1 c4 17. Bb1 a5 18. Be1 Rb8 19. Nxe4 Nxe4 20. Bd2 Ba6 21. Qg2 b4 22.
Bxe4 dxe4 23. g5 bxc3 24. Bxc3 Bb4 25. Rb1 Rb5 26. Rhc1 Rfb8 27. Kd1 a4 28. Qc2
a3 29. Bxb4 Rxb4 30. bxa3 Rxb1 31. Rxb1 Rxb1+ 32. Qxb1 c3 33. Qxe4 Bb7 34. Qd3
f6 35. Qb5 Qc8 36. Nc4 c2+ 37. Kc1 Be4 38. Nd6 Qa8 39. Nxe4 Qxa3+ 40. Kxc2 Qxa2+
41. Kd3 Qa3+ 42. Nc3 1-0

[Event "Druzynowe Mistrzostwa Polski Juniorow - I Liga 2023"]
[Site "Lublin"]
[Date "1899-12-30"]
[Round "2.12"]
[White "Klintsevich, Aliaksandra"]
[Black "Kaminska, Zuzanna"]
[Result "1-0"]
[WhiteTitle "I"]
[BlackTitle "I"]
[WhiteElo "1437"]
[BlackElo "1312"]

1. d4 d5 2. c4 e6 3. Nc3 c6 4. cxd5 exd5 5. Nf3 Bd6 6. Bg5 f6 7. Bh4 Ne7 8. Bg3
Nf5 9. Bxd6 Nxd6 10. e3 Qb6 11. Rb1 Bf5 12. Bd3 Bxd3 13. Qxd3 Nd7 14. O-O O-O
15. b4 a6 16. a4 Nc4 17. e4 Rac8 18. exd5 cxd5 19. Nxd5 Qd6 20. Ne3 Nxe3 21. fxe3
Nb6 22. e4 Kh8 23. a5 Nc4 24. Rfc1 Ne5 25. Nxe5 Rxc1+ 26. Rxc1 fxe5 27. Rc4 b5
28. axb6 Qxb6 29. Qc3 Qf6 30. h3 Qf1+ 31. Kh2 exd4 32. Rxd4 h6 33. e5 Qf5 34.
Rg4 h5 35. Rg3 Rc8 36. Qd4 Rg8 37. h4 Qe6 38. Rg5 g6 39. Qd6 Qc4 40. Rxh5+ Kg7
41. Qf6# 1-0

[Event "Druzynowe Mistrzostwa Polski Juniorow - I Liga 2023"]
[Site "Lublin"]
[Date "1899-12-30"]
[Round "2.13"]
[White "Pisarek, Jan"]
[Black "Jedraszek, Pawel"]
[Result "1/2-1/2"]
[WhiteTitle "I"]
[BlackTitle "I++"]
[WhiteElo "1956"]
[BlackElo "2057"]

1. e4 c5 2. Nf3 d6 3. d4 cxd4 4. Nxd4 Nf6 5. Nc3 a6 6. Nb3 Nbd7 7. Be3 b5 8. a4
b4 9. Nd5 e6 10. Nxf6+ Nxf6 11. f3 Bb7 12. a5 Be7 13. Qd2 d5 14. e5 Nd7 15. f4
Qc7 16. Bd3 g5 17. O-O gxf4 18. Bxf4 Nxe5 19. Rae1 Bd6 20. Qf2 Nxd3 21. cxd3 Bxf4
22. Qxf4 Qxf4 23. Rxf4 Bc6 24. Rxb4 Bb5 25. Re3 Ke7 26. Nd4 Kd6 27. Nxb5+ axb5
28. Rxb5 Rhb8 29. Rxb8 Rxb8 30. Rf3 f5 31. d4 Rxb2 32. Ra3 Kc7 33. Rh3 Rd2 34.
Rxh7+ Kd6 35. a6 Rxd4 36. a7 Ra4 37. h4 Ke5 38. h5 Kf6 39. h6 Kg6 40. Re7 Kxh6
41. Rxe6+ Kg5 42. Rd6 1/2-1/2

[Event "Druzynowe Mistrzostwa Polski Juniorow - I Liga 2023"]
[Site "Lublin"]
[Date "1899-12-30"]
[Round "2.14"]
[White "Ugorek, Kacper"]
[Black "Duda, Leon"]
[Result "1-0"]
[WhiteTitle "I"]
[BlackTitle "I"]
[WhiteElo "1846"]
[BlackElo "1555"]

1. d4 c5 2. d5 e5 3. c4 d6 4. Nc3 Be7 5. Nf3 f5 6. e4 Nf6 7. exf5 Bxf5 8. Bd3 Bxd3
9. Qxd3 Na6 10. Ng5 Nc7 11. O-O O-O 12. f4 e4 13. Ncxe4 Nxe4 14. Nxe4 Qd7 15.
a4 Ne8 16. b3 Bf6 17. Nxf6+ Nxf6 18. Bb2 Rae8 19. Rae1 Ng4 20. h3 Nh6 21. Rxe8
Rxe8 22. f5 Nf7 23. Qg3 Ne5 24. f6 Qf7 25. fxg7 Qxg7 26. Qxg7+ Kxg7 27. Re1 Kf6
28. Kf2 1-0

[Event "Druzynowe Mistrzostwa Polski Juniorow - I Liga 2023"]
[Site "Lublin"]
[Date "1899-12-30"]
[Round "2.15"]
[White "Niesyt, Michal"]
[Black "Dobosiewicz, Dawid"]
[Result "0-1"]
[WhiteTitle "I"]
[BlackTitle "I+"]
[WhiteElo "1564"]
[BlackElo "1808"]

1. e4 c5 2. Nf3 e6 3. d4 cxd4 4. Nxd4 Nc6 5. Nc3 Qc7 6. g3 a6 7. Bg2 Nf6 8. O-O
Nxd4 9. Qxd4 Bc5 10. Bf4 d6 11. Qd2 h6 12. Rad1 e5 13. Be3 Bxe3 14. fxe3 Be6 15.
Qxd6 Rc8 16. h3 h5 17. Rf2 Rh6 18. Qxc7 Rxc7 19. Nd5 Rc5 20. Rfd2 Bxd5 21. exd5
Kd7 22. Kf2 Ne8 23. Rc1 Nd6 24. c3 f5 25. b3 Rh8 26. Rdc2 Rhc8 27. c4 b5 28. Bf1
bxc4 29. Bxc4 g6 30. Ke2 a5 31. Bd3 Rxc2+ 32. Rxc2 e4 33. Rxc8 exd3+ 34. Kxd3
Nxc8 35. e4 Kd6 36. a4 Nb6 37. exf5 gxf5 38. Ke3 Nxd5+ 39. Kf3 Ke5 40. b4 axb4
41. Ke3 b3+ 0-1

[Event "Druzynowe Mistrzostwa Polski Juniorow - I Liga 2023"]
[Site "Lublin"]
[Date "1899-12-30"]
[Round "2.16"]
[White "Goralski, Mateusz"]
[Black "Markowski, Tymon"]
[Result "1/2-1/2"]
[WhiteTitle "II"]
[BlackTitle "II"]
[WhiteElo "1353"]
[BlackElo "1329"]

1. e4 e6 2. d4 d5 3. Nc3 Bb4 4. e5 Ne7 5. a3 Ba5 6. Nf3 c5 7. Bd2 cxd4 8. Nxd4
Ng6 9. f4 a6 10. Bd3 Bb6 11. Nce2 Nc6 12. c3 Bd7 13. Nxc6 Bxc6 14. Nd4 Qd7 15.
Qe2 Rc8 16. Rf1 Ne7 17. g4 Bxd4 18. cxd4 Bb5 19. Bxb5 Qxb5 20. Qxb5+ axb5 21.
Bc3 Nc6 22. Kd2 h5 23. g5 g6 24. Rfc1 Ra8 25. Kd3 Kd7 26. Bb4 Ra6 27. Rab1 Rc8
28. Rc5 Nxb4+ 29. axb4 Rxc5 30. dxc5 Kc6 1/2-1/2